00693nam a2200229 i 4500001001000000003000900010005001700019007000300036008004100039040003000080041000800110082002400118100003400142245004500176264007600221300002700297336002700324337003300351338002800384650002400412650002700436000010396DO-SdBNP20251008133917.0ta091007s19uu dr 001 p spa d aDO-SdBNPbspacBNPHUerda aspa 4aRD861.44bL318m2221 aLara, Mencia M.,eautor4aut.10aMi corazón se queja /cMencia M. Lara. 1aSanto Domingo, República Dominicana : bImprenta la Unión,c199-?. a76 páginas ;c21 cm. atextobtxt2rdacontent asin mediaciónbn2rdamedia avolumenbnc2rdacarrier 4aPoesía dominicana 4aLiteratura dominicana.